Statistics for New England Climate Zones

Click here to take the quiz!

General Stats

  • This quiz has been taken 55 times
  • The average score is 3 of 5

Answers on the Map

Answers color-coded by a green-red scale on the quiz's map according to % correct below.
 

Answer Stats

Climate% Correct
Oceanic
76%
Subarctic
66%
Humid subtropical
55%
Hot-summer humid continental
39%
Warm-summer humid continental
37%

Score Distribution

Percentile by Number Answered

Percent of People with Each Score

Your Score History

You have not taken this quiz